| 000 | 00000cam 2200000zi 4500 |
| 001 | 9.958642 |
| 003 | CaOODSP |
| 005 | 20260112160457 |
| 006 | m o d f |
| 007 | cr mn||||||||| |
| 008 | 251230e202512##onc o f000 0 fre d |
| 020 | |a9780660978550 |
| 040 | |aCaOODSP|bfre|erda|cCaOODSP |
| 043 | |an-cn--- |
| 086 | 1 |aM4-285/2-2025F-PDF |
| 245 | 02|aL'Initiative interministérielle sur la science inclusive : |bstratégie de mise en œuvre des lignes directrices en matière de science inclusive pour les ministères et organismes à vocation scientifique. |
| 246 | 10|aStratégie de mise en œuvre des lignes directrices en matière de science inclusive pour les ministères et organismes à vocation scientifique |
| 264 | 1|a[Ottawa] : |bGouvernement du Canada = Government of Canada, |cdécembre 2025. |
| 264 | 4|c©2025 |
| 300 | |a1 ressource en ligne (i, 13 pages) |
| 336 | |atexte|btxt|2rdacontent/fre |
| 337 | |ainformatique|bc|2rdamedia/fre |
| 338 | |aressource en ligne|bcr|2rdacarrier/fre |
| 500 | |aTitre de la couverture. |
| 500 | |aPublié par Ressources naturelles Canada. |
| 500 | |aPublié aussi en anglais sous le titre : The Interdepartmental Inclusive Science Initiative : implementation strategy for science based departments and agencies inclusive science guidelines. |
| 520 | |a« La Stratégie de mise en œuvre a été élaborée afin de soutenir la planification et l'exécution coordonnées des Lignes directrices en matière de science inclusive au sein des ministères et organismes à vocation scientifique (MOVS). Ce document est destiné à servir de feuille de route pour la mise en pratique de la science inclusive dans les ministères et les organismes. On s'attend à ce que tous les MOVS fédéraux adaptent les Lignes directrices pour répondre aux besoins particuliers de leurs ministères et organismes respectifs et assurer la reddition de comptes dans le cadre de leur réponse à l'Appel à l'action en faveur de la lutte contre le racisme, de l'équité et de l'inclusion dans la fonction publique fédérale du greffier » -- Contexte et renseignements généraux, page 2. |
| 550 | |aPublié par : Ressources naturelles Canada. |
| 650 | 6|aPolitique scientifique et technique|zCanada|xPlanification. |
| 650 | 6|aSciences|xAspect social|xPolitique gouvernementale|zCanada. |
| 650 | 6|aNationalisme et sciences|xPolitique gouvernementale|zCanada. |
| 650 | 6|aÉgalité (Sociologie)|xPolitique gouvernementale|zCanada. |
| 710 | 1 |aCanada. |bRessources naturelles Canada, |eorganisme de publication. |
| 775 | 08|tThe Interdepartmental Inclusive Science Initiative : |w(CaOODSP)9.958643 |
| 856 | 40|qPDF|s704 Ko|uhttps://publications.gc.ca/collections/collection_2026/rncan-nrcan/M4-285-2-2025-fra.pdf |